[Event "NOR-chB"]
[Site "Oslo"]
[Date "2023.07.02"]
[Round "2"]
[White "Johnsen, Sylvia"]
[Black "Kvendseth, Cornelius"]
[Result "1-0"]
[WhiteElo "1814"]
[BlackElo "1906"]
[PlyCount "83"]
[EventDate "2023.06.30"]
[EventType "swiss"]
[EventRounds "9"]
[EventCountry "NOR"]
[SourceTitle "EXT 2024"]
[Source "ChessBase"]
[SourceDate "2023.10.10"]
[SourceVersion "1"]
[SourceVersionDate "2023.10.10"]
[SourceQuality "1"]

1. e4 c5 2. Nc3 Nc6 3. g3 g6 4. Bg2 Bg7 5. d3 b6 6. Nge2 Bb7 7. 0-0 e6 8. f4 Nge7 9. a3 0-0 10. Rb1 Rc8 11. g4 f5 12. Ng3 Nd4 13. g5 e5 14. Nd5 Nxd5 15. exd5 Nb5 16. a4 Nd6 17. b4 cxb4 18. Rxb4 Qc7 19. Rf2 exf4 20. Rbxf4 Be5 21. Rh4 Nf7 22. Nxf5 d6 23. Nd4 Bxd4 24. Rxd4 Qc3 25. Rdf4 Rc7 26. Qe2 Bc8 27. h4 Rd8 28. Qf1 Rdd7 29. Be3 Re7 30. Bd4 Qa5 31. c3 Bf5 32. Be4 Bxe4 33. dxe4 Qxa4 34. e5 dxe5 35. Bxe5 Qd7 36. Bxc7 Qxc7 37. Qd3 Qe5 38. Qd4 Qc7 39. Kg2 b5 40. d6 Qxd6 41. Rxf7 Qxd4 42. Rf8+ 1-0

[Event "Icelandic (Women) op"]
[Site "Reykjavik"]
[Date "2022.10.26"]
[Round "3"]
[White "Johnsen, Sylvia"]
[Black "Ayzenberg, Alena"]
[Result "0-1"]
[WhiteElo "1861"]
[BlackElo "2002"]
[PlyCount "84"]
[EventDate "2022.10.24"]
[EventType "swiss"]
[EventRounds "7"]
[EventCountry "ISL"]
[SourceTitle "EXT 2024"]
[Source "ChessBase"]
[SourceDate "2023.10.10"]
[SourceVersion "1"]
[SourceVersionDate "2023.10.10"]
[SourceQuality "1"]

1. b3 Nf6 2. Bb2 e6 3. e3 c5 4. g3 Nc6 5. Nf3 Be7 6. Nc3 Rb8 7. h4 b6 8. h5 h6 9. Bb5 Bb7 10. Qe2 Nb4 11. Rc1 a6 12. a3 Na2 13. Nxa2 axb5 14. Rh4 Ra8 15. b4 0-0 16. Rh3 d6 17. Nc3 Qd7 18. e4 e5 19. Rh1 Qc6 20. d3 Bc8 21. Nh4 Bg4 22. f3 Be6 23. Nf5 Bxf5 24. exf5 Rfe8 25. bxc5 bxc5 26. Ne4 d5 27. Nxf6+ Bxf6 28. c4 bxc4 29. dxc4 e4 30. cxd5 exf3 31. dxc6 Rxe2+ 32. Kf1 Bxb2 33. Rd1 Rc8 34. g4 Rxc6 35. Rh3 Re3 36. Kf2 Rxa3 37. Rd8+ Kh7 38. Rh1 Bd4+ 39. Kg3 f2+ 40. Kg2 Rca6 41. Rb8 Ra1 42. g5 Rg1+ 0-1

[Event "Icelandic (Women) op"]
[Site "Reykjavik"]
[Date "2022.10.24"]
[Round "1"]
[White "Dolzhikova, Olga"]
[Black "Johnsen, Sylvia"]
[Result "1-0"]
[WhiteElo "2120"]
[BlackElo "1861"]
[PlyCount "75"]
[EventDate "2022.10.24"]
[EventType "swiss"]
[EventRounds "7"]
[EventCountry "ISL"]
[SourceTitle "EXT 2024"]
[Source "ChessBase"]
[SourceDate "2023.10.10"]
[SourceVersion "1"]
[SourceVersionDate "2023.10.10"]
[SourceQuality "1"]

1. b3 c5 2. Bb2 Nc6 3. e3 e5 4. Bb5 Nge7 5. Ne2 a6 6. Bxc6 dxc6 7. d3 Ng6 8. Nd2 Bd6 9. Ne4 Be7 10. N4g3 0-0 11. Qd2 Be6 12. 0-0-0 b5 13. Kb1 a5 14. f4 exf4 15. exf4 Bg4 16. Rdf1 f6 17. Nc1 a4 18. f5 axb3 19. cxb3 Nh8 20. Rf4 h5 21. h3 h4 22. Rxg4 hxg3 23. Qh6 Rf7 24. Qh5 g5 25. fxg6 Rg7 26. Rxg3 Qd5 27. Qxd5+ cxd5 28. Re1 d4 29. b4 Bd6 30. Rf3 Rxg6 31. g4 Nf7 32. bxc5 Bxc5 33. Ref1 Kg7 34. Nb3 Be7 35. Nxd4 Ng5 36. Re3 Bc5 37. Ne6+ Nxe6 38. Rxe6 1-0

[Event "WchT Seniors 50"]
[Site "Prague"]
[Date "2020.03.11"]
[Round "6.3"]
[White "Johnsen, Sylvia"]
[Black "Lauterbach, Ingrid"]
[Result "1-0"]
[WhiteElo "1853"]
[BlackElo "2057"]
[PlyCount "91"]
[EventDate "2020.03.06"]
[EventType "team-swiss"]
[EventRounds "7"]
[EventCountry "CZE"]
[SourceTitle "CBM 195 Extra"]
[Source "ChessBase"]
[SourceDate "2020.05.31"]
[SourceVersion "1"]
[SourceVersionDate "2020.05.31"]
[SourceQuality "1"]
[WhiteTeam "Norway 50 II"]
[BlackTeam "England 50 (W)"]
[WhiteTeamCountry "NOR"]
[BlackTeamCountry "ENG"]

1. e4 c5 2. Nc3 Nc6 3. g3 Rb8 4. Bg2 b5 5. d3 g6 6. Nh3 Bg7 7. 0-0 b4 8. Nd5 e6 9. Ne3 Nge7 10. f4 f5 11. Ng5 h6 12. Nf3 0-0 13. e5 d6 14. Nc4 d5 15. Ne3 a5 16. b3 Ba6 17. Rf2 Qb6 18. Bf1 Rfd8 19. h3 Nc8 20. a4 bxa3 21. Rxa3 N8a7 22. Bd2 Nb5 23. Ra4 Bb7 24. g4 Kh7 25. Rg2 c4 26. Qe1 cxb3 27. gxf5 exf5 28. cxb3 Ncd4 29. Nxd4 Nxd4 30. Qg3 Nxb3 31. Bxa5 Nxa5 32. Rxa5 g5 33. Rga2 Bf8 34. Kh2 Qd4 35. Nxf5 gxf4 36. Qg4 Qxe5 37. Rg2 f3+ 38. Rg3 Qxg3+ 39. Nxg3 Bd6 40. Ra7 Bc5 41. Qf5+ Kg8 42. Ra4 Kh8 43. Rg4 Rg8 44. Qe5+ Kh7 45. Qc7+ Kh8 46. Qxc5 1-0

[Event "WchT Seniors 50"]
[Site "Prague"]
[Date "2020.03.09"]
[Round "4.24"]
[White "Johnsen, Sylvia"]
[Black "Fuchs, Joachim1111"]
[Result "1-0"]
[WhiteElo "1853"]
[BlackElo "1970"]
[PlyCount "32"]
[EventDate "2020.03.06"]
[EventType "team-swiss"]
[EventRounds "7"]
[EventCountry "CZE"]
[SourceTitle "CBM 195 Extra"]
[Source "ChessBase"]
[SourceDate "2020.05.31"]
[SourceVersion "1"]
[SourceVersionDate "2020.05.31"]
[SourceQuality "1"]
[WhiteTeam "Norway 50 II"]
[BlackTeam "Germany 50 IX"]
[WhiteTeamCountry "NOR"]
[BlackTeamCountry "GER"]

1. e4 Nc6 2. Nf3 d5 3. exd5 Qxd5 4. d4 Bg4 5. Be2 0-0-0 6. Nc3 Qd7 7. d5 Bxf3 8. Bxf3 Ne5 9. Be3 e6 10. dxe6 Qxd1+ 11. Bxd1 fxe6 12. Be2 a6 13. f4 Nc6 14. Bg4 Re8 15. 0-0-0 Nh6 16. Bh3 Bb4 1-0

[Event "WchT Seniors 50"]
[Site "Prague"]
[Date "2020.03.08"]
[Round "3.18"]
[White "Jhunjhnuwala, Naresh"]
[Black "Johnsen, Sylvia"]
[Result "1-0"]
[WhiteElo "2085"]
[BlackElo "1853"]
[PlyCount "95"]
[EventDate "2020.03.06"]
[EventType "team-swiss"]
[EventRounds "7"]
[EventCountry "CZE"]
[SourceTitle "CBM 195 Extra"]
[Source "ChessBase"]
[SourceDate "2020.05.31"]
[SourceVersion "1"]
[SourceVersionDate "2020.05.31"]
[SourceQuality "1"]
[WhiteTeam "United States 50 III"]
[BlackTeam "Norway 50 II"]
[WhiteTeamCountry "USA"]
[BlackTeamCountry "NOR"]

1. Nf3 Nf6 2. d4 d5 3. c4 e6 4. Nc3 Bb4 5. a3 Bxc3+ 6. bxc3 c6 7. e3 0-0 8. Bd3 dxc4 9. Bxc4 b6 10. Qe2 a5 11. a4 Ba6 12. Ne5 Qc7 13. 0-0 Rd8 14. Rb1 Ne4 15. Qc2 Nd6 16. Bxa6 Rxa6 17. c4 f6 18. Nd3 c5 19. dxc5 bxc5 20. Ba3 Rc6 21. Rfc1 Na6 22. Nf4 Qf7 23. Qe2 Nb4 24. h4 e5 25. Nh5 Ne4 26. Rd1 Re8 27. Bb2 g6 28. Ng3 Nxg3 29. fxg3 e4 30. g4 Qe7 31. Bc3 Rd8 32. Rxd8+ Qxd8 33. Rd1 Nd3 34. Qd2 Ra6 35. Qc2 Qe7 36. Qd2 Qe6 37. g5 fxg5 38. hxg5 Qxc4 39. Rb1 Qxa4 40. Rb8+ Kf7 41. Rb7+ Ke8 42. Qe2 Qc4 43. Qf1 a4 44. Rb8+ Kd7 45. Qf8 Qxc3 46. Qe8+ Kd6 47. Rd8+ Kc7 48. Qd7+ 1-0

[Event "NOR-ch (Women)"]
[Site "Bergen"]
[Date "2020.03.01"]
[Round "4"]
[White "Johnsen, Sylvia"]
[Black "Machlik, Monika"]
[Result "1/2-1/2"]
[WhiteElo "1862"]
[BlackElo "2106"]
[PlyCount "91"]
[EventDate "2020.02.28"]
[EventType "swiss"]
[EventRounds "5"]
[EventCountry "NOR"]
[SourceTitle "CBM 195 Extra"]
[Source "ChessBase"]
[SourceDate "2020.05.31"]
[SourceVersion "1"]
[SourceVersionDate "2020.05.31"]
[SourceQuality "1"]

1. e4 c6 2. Nc3 d5 3. Nf3 Bg4 4. h3 Bxf3 5. Qxf3 e6 6. d3 Nd7 7. Bd2 Bc5 8. g4 Qf6 9. Bg2 Qxf3 10. Bxf3 Ne7 11. a3 Ng6 12. h4 Bd6 13. d4 dxe4 14. Nxe4 Bc7 15. 0-0-0 Nb6 16. h5 Nf4 17. h6 g6 18. Nf6+ Kd8 19. g5 Nfd5 20. Nxd5 cxd5 21. b3 Bd6 22. a4 Rc8 23. Rh3 Rc7 24. a5 Nc8 25. Kb2 Ne7 26. Be2 Nf5 27. c3 Kc8 28. a6 b6 29. Bd3 Ne7 30. f4 Nc6 31. Bb5 Ne7 32. c4 Kb8 33. Rd3 Rcc8 34. Rc1 Nf5 35. b4 dxc4 36. Bxc4 Ne7 37. Kb3 Rc7 38. b5 Rhc8 39. Rcc3 Nd5 40. Bxd5 Rxc3+ 41. Rxc3 Rxc3+ 42. Kxc3 exd5 43. Kd3 Kc7 44. Ke3 Kd7 45. Kf3 Ke6 46. Kg4 1/2-1/2

[Event "NOR-ch (Women)"]
[Site "Bergen"]
[Date "2020.02.29"]
[Round "3"]
[White "Skaslien, Ingrid"]
[Black "Johnsen, Sylvia"]
[Result "0-1"]
[WhiteElo "1847"]
[BlackElo "1862"]
[PlyCount "56"]
[EventDate "2020.02.28"]
[EventType "swiss"]
[EventRounds "5"]
[EventCountry "NOR"]
[SourceTitle "CBM 195 Extra"]
[Source "ChessBase"]
[SourceDate "2020.05.31"]
[SourceVersion "1"]
[SourceVersionDate "2020.05.31"]
[SourceQuality "1"]

1. d4 d5 2. c4 e6 3. Nc3 Bb4 4. e3 Nf6 5. Bd2 dxc4 6. Bxc4 0-0 7. Nge2 b6 8. a3 Bd6 9. 0-0 e5 10. d5 e4 11. Ng3 Qe7 12. Qc2 Bxg3 13. hxg3 Ba6 14. Bxa6 Nxa6 15. b4 Rad8 16. Rac1 Rfe8 17. Qa4 Nb8 18. Qxa7 Qe5 19. Rfd1 Ng4 20. Ne2 Qxd5 21. Qxc7 Qh5 22. Qf4 g5 23. Qf5 Re5 24. Bc3 Qh2+ 25. Kf1 Nxe3+ 26. Ke1 Nxg2+ 27. Kf1 Ne3+ 28. Ke1 Rxd1+ 0-1

[Event "Gibraltar Masters 18th"]
[Site "Caleta"]
[Date "2020.01.21"]
[Round "1"]
[White "Johnsen, Sylvia"]
[Black "Merario Alarcon, Andres"]
[Result "0-1"]
[WhiteElo "1902"]
[BlackElo "2412"]
[PlyCount "94"]
[EventDate "2020.01.21"]
[EventType "swiss"]
[EventRounds "10"]
[EventCountry "GGB"]
[SourceTitle "CBM 194 Extra"]
[Source "ChessBase"]
[SourceDate "2020.03.31"]
[SourceVersion "1"]
[SourceVersionDate "2020.03.31"]
[SourceQuality "1"]

1. e4 c5 2. Nc3 Nc6 3. g3 g6 4. Bg2 Bg7 5. Nge2 e6 6. d3 Nge7 7. Bg5 0-0 8. Qd2 Rb8 9. 0-0 Re8 10. a3 b5 11. Rae1 a5 12. Bxe7 Qxe7 13. f4 Ba6 14. f5 b4 15. axb4 axb4 16. Nd1 c4 17. Kh1 b3 18. dxc4 Bxc4 19. c3 Ne5 20. Ne3 Bb5 21. Kg1 Bh6 22. Qd4 Nc6 23. Qd2 Qc5 24. Rf3 Ne5 25. Nf4 Nxf3+ 26. Bxf3 Bc6 27. fxg6 fxg6 28. Kg2 Rf8 29. Ng4 Bg7 30. Nd3 Qb5 31. Qe3 h5 32. Ngf2 Rf7 33. Bd1 Rbf8 34. Nh3 Ra8 35. Nb4 Ra1 36. Ng5 Bh6 37. h4 Rb1 38. Qd2 Bxg5 39. hxg5 Bxe4+ 40. Kh2 Qf5 41. Bxb3 Qf2+ 42. Qxf2 Rxf2+ 43. Kg1 Rg2+ 44. Kf1 Rxe1+ 45. Kxe1 Rxg3 46. Ba4 h4 47. Bxd7 Kf7 0-1

[Event "EU-chT (Women) 22nd"]
[Site "Batumi"]
[Date "2019.10.31"]
[Round "7.2"]
[White "Esadze, Tamari"]
[Black "Johnsen, Sylvia"]
[Result "1-0"]
[WhiteElo "1885"]
[BlackElo "1898"]
[PlyCount "73"]
[EventDate "2019.10.24"]
[EventType "team-swiss"]
[EventRounds "9"]
[EventCountry "GEO"]
[SourceTitle "CBM 192 Extra"]
[Source "Chessbase"]
[SourceDate "2019.11.06"]
[SourceVersion "1"]
[SourceVersionDate "2019.11.06"]
[SourceQuality "1"]
[WhiteTeam "Georgia (W) III"]
[BlackTeam "Norway (W)"]
[WhiteTeamCountry "GEO"]
[BlackTeamCountry "NOR"]

1. e4 e5 2. Nf3 Nc6 3. Bb5 a6 4. Ba4 Nf6 5. 0-0 Be7 6. Re1 b5 7. Bb3 d6 8. c3 0-0 9. h3 Na5 10. Bc2 c5 11. d4 Nd7 12. Nbd2 exd4 13. cxd4 Nc6 14. d5 Nce5 15. Nxe5 Nxe5 16. f4 Ng6 17. Nf3 Bh4 18. Rf1 Bg3 19. Nh2 f5 20. Rf3 Bxf4 21. exf5 Bxh2+ 22. Kxh2 Nh4 23. Rg3 Nxf5 24. Bg5 Qe8 25. Bxf5 Rxf5 26. Bh6 g6 27. Qd2 Bb7 28. Re1 Re5 29. Rge3 Rxe3 30. Rxe3 Qd7 31. Qe2 Bxd5 32. Re7 Qd8 33. Qd3 Bc4 34. Rg7+ Kh8 35. Qc3 Qe8 36. Rxh7+ Kxh7 37. Qg7# 1-0

[Event "EU-chT (Women) 22nd"]
[Site "Batumi"]
[Date "2019.10.26"]
[Round "3.16"]
[White "Johnsen, Sylvia"]
[Black "Manova, Ivana"]
[Result "1-0"]
[WhiteElo "1898"]
[BlackElo "1795"]
[PlyCount "95"]
[EventDate "2019.10.24"]
[EventType "team-swiss"]
[EventRounds "9"]
[EventCountry "GEO"]
[SourceTitle "CBM 192 Extra"]
[Source "Chessbase"]
[SourceDate "2019.11.06"]
[SourceVersion "1"]
[SourceVersionDate "2019.11.06"]
[SourceQuality "1"]
[WhiteTeam "Norway (W)"]
[BlackTeam "Macedonia (W)"]
[WhiteTeamCountry "NOR"]
[BlackTeamCountry "MKD"]

1. c4 e5 2. Nc3 Nc6 3. g3 f5 4. Nf3 Nf6 5. d4 e4 6. d5 exf3 7. dxc6 bxc6 8. exf3 Be7 9. Bd3 d5 10. cxd5 cxd5 11. 0-0 0-0 12. Qc2 Qd7 13. Bg5 c6 14. Rfe1 h6 15. Bxf6 Bxf6 16. Rad1 Qd6 17. f4 Bd7 18. Na4 Bd4 19. Rc1 Rab8 20. b3 c5 21. Nc3 Kh8 22. Ne2 Qf6 23. Nxd4 cxd4 24. Re5 Rbc8 25. Qb2 Rxc1+ 26. Qxc1 Rc8 27. Qd2 Qc6 28. Bxf5 Qc3 29. Qxc3 dxc3 30. Bc2 Re8 31. Kf1 Rxe5 32. fxe5 d4 33. Ke1 Bb5 34. Be4 Kg8 35. f4 Kf7 36. f5 a5 37. Kd1 d3 38. Bd5+ Ke7 39. Bc4 Bc6 40. Bxd3 h5 41. Kc2 a4 42. b4 a3 43. Kxc3 Bd5 44. b5 Bxa2 45. Kb4 Bd5 46. Kxa3 Kd7 47. Kb4 g6 48. Kc5 1-0

[Event "NOR-chT Club"]
[Site "Drammen"]
[Date "2019.06.02"]
[Round "5.5"]
[White "Melaa, Sondre Lillestol"]
[Black "Johnsen, Sylvia"]
[Result "1-0"]
[WhiteElo "2038"]
[BlackElo "1888"]
[PlyCount "111"]
[EventDate "2019.05.30"]
[EventType "team-swiss"]
[EventRounds "6"]
[EventCountry "NOR"]
[SourceTitle "CBM 190 Extra"]
[Source "ChessBase"]
[SourceDate "2019.07.15"]
[SourceVersion "1"]
[SourceVersionDate "2019.07.15"]
[SourceQuality "1"]
[WhiteTeam "OSS Kadett"]
[BlackTeam "OSS III"]
[WhiteTeamCountry "NOR"]
[BlackTeamCountry "NOR"]

1. d4 d5 2. c4 e6 3. Nf3 Nf6 4. g3 b6 5. Bg2 Bb7 6. 0-0 Be7 7. cxd5 exd5 8. Nc3 0-0 9. Bf4 Ne4 10. Rc1 c5 11. dxc5 Bxc5 12. Nb5 Na6 13. a3 Kh8 14. b4 Be7 15. Qd3 g5 16. Be5+ Bf6 17. Bxf6+ Qxf6 18. Nc7 Nxc7 19. Rxc7 Rab8 20. Qd4 Qxd4 21. Nxd4 a5 22. Rfc1 axb4 23. axb4 Bc8 24. Re7 Nf6 25. Rcc7 Kg8 26. h3 Ra8 27. Rc6 Kg7 28. Rxb6 Rd8 29. Nf3 g4 30. Ne5 Rf8 31. hxg4 Ra1+ 32. Kh2 Bxg4 33. Rbb7 Bh5 34. Bf3 Bg6 35. b5 Rb1 36. b6 Rb5 37. Kg2 h6 38. g4 Rb4 39. Kg3 Ng8 40. Red7 Nf6 41. Rd6 Rb5 42. Rc7 Be4 43. Rxf6 Kxf6 44. Nd7+ Kg7 45. Nxf8 Kxf8 46. Bxe4 dxe4 47. b7 Kg7 48. Kf4 Rb4 49. Kf5 Rb5+ 50. Kxe4 Kf6 51. Kd4 Rb1 52. f4 Rb2 53. Kd5 Rd2+ 54. Kc6 Rc2+ 55. Kd7 Rd2+ 56. Kc8 1-0

[Event "NOR-ch (Women)"]
[Site "Baerum"]
[Date "2019.03.16"]
[Round "3"]
[White "Blauhut, Anna"]
[Black "Johnsen, Sylvia"]
[Result "0-1"]
[WhiteElo "1081"]
[BlackElo "1982"]
[PlyCount "74"]
[EventDate "2019.03.15"]
[EventType "swiss"]
[EventRounds "5"]
[EventCountry "NOR"]
[SourceTitle "CBM 189 Extra"]
[Source "ChessBase"]
[SourceDate "2019.06.03"]
[SourceVersion "1"]
[SourceVersionDate "2019.06.03"]
[SourceQuality "1"]

1. e4 e5 2. Nf3 Nc6 3. Bc4 Bc5 4. c3 Nf6 5. d3 d6 6. Bb3 0-0 7. 0-0 Bg4 8. Nbd2 d5 9. Qe2 d4 10. cxd4 Nxd4 11. Qd1 c6 12. h3 Bxf3 13. Nxf3 Nxb3 14. Qxb3 Qc7 15. Bd2 Rfe8 16. Rfe1 Rad8 17. Rad1 h6 18. Bc3 Bd4 19. Bxd4 exd4 20. Qc4 Qb6 21. b3 Re7 22. Re2 Nd5 23. Nxd4 Nf4 24. Qc1 Nxe2+ 25. Nxe2 Qa6 26. Qc2 Qa5 27. Nc3 Qe5 28. f3 Qc5+ 29. Kh1 Red7 30. Qd2 Qd4 31. Qc2 Qe3 32. Qd2 Qxd2 33. Rxd2 Rxd3 34. Rxd3 Rxd3 35. Ne2 Rd2 36. Nc3 Rc2 37. Na4 b5 0-1

[Event "EU-ch Seniors 50 (Women)"]
[Site "Drammen"]
[Date "2018.08.10"]
[Round "7"]
[White "Fridthjofsdottir, Sigurlaug Regina"]
[Black "Johnsen, Sylvia"]
[Result "0-1"]
[WhiteElo "1715"]
[BlackElo "1977"]
[PlyCount "110"]
[EventDate "2018.08.04"]
[EventType "tourn"]
[EventRounds "8"]
[EventCountry "NOR"]
[SourceTitle "CBM 186 Extra"]
[Source "ChessBase"]
[SourceDate "2018.08.24"]
[SourceVersion "1"]
[SourceVersionDate "2018.08.24"]
[SourceQuality "1"]

1. e4 g6 2. d4 c6 3. Nc3 d5 4. exd5 cxd5 5. Nf3 Bg7 6. Be2 Nf6 7. 0-0 0-0 8. Bf4 Nc6 9. Nb5 Bf5 10. c3 a6 11. Na3 b5 12. Ne5 Qb6 13. Nxc6 Qxc6 14. Rc1 Rfd8 15. Qd2 Qb6 16. Bf3 Be4 17. Be2 Bf5 18. f3 Rac8 19. g4 Be6 20. Nc2 a5 21. a3 Ne8 22. Kg2 Nd6 23. Bxd6 Rxd6 24. h4 f6 25. f4 Bf7 26. g5 h5 27. Bd3 f5 28. Rfe1 Bf8 29. Re5 e6 30. Qe2 Rb8 31. Re3 Rc6 32. Ne1 b4 33. axb4 axb4 34. Nf3 Qc7 35. Ne5 Rcb6 36. c4 b3 37. Re1 Be8 38. cxd5 Qb7 39. Kg3 Qxd5 40. Bc4 Qxd4 41. Rd1 Qc5 42. Nd7 Bxd7 43. Rxd7 Re8 44. Rd1 Bg7 45. Bxb3 Kh7 46. Ba4 Rxb2 47. Rd2 Rxd2 48. Qxd2 Rd8 49. Qe2 Bd4 50. Rxe6 Qa3+ 51. Kg2 Qxa4 52. Re7+ Kh8 53. Rh7+ Kxh7 54. Qe7+ Bg7 55. Qxd8 Qxf4 0-1

[Event "EU-ch Seniors 50 (Women)"]
[Site "Drammen"]
[Date "2018.08.09"]
[Round "6"]
[White "Johnsen, Sylvia"]
[Black "Burchardt, Brigitte"]
[Result "0-1"]
[WhiteElo "1977"]
[BlackElo "2189"]
[PlyCount "82"]
[EventDate "2018.08.04"]
[EventType "tourn"]
[EventRounds "8"]
[EventCountry "NOR"]
[SourceTitle "CBM 186 Extra"]
[Source "ChessBase"]
[SourceDate "2018.08.24"]
[SourceVersion "1"]
[SourceVersionDate "2018.08.24"]
[SourceQuality "1"]

1. c4 c5 2. Nc3 Nc6 3. g3 Nf6 4. Bg2 d6 5. Nf3 g6 6. 0-0 Bg7 7. d4 cxd4 8. Nxd4 Bd7 9. Nc2 0-0 10. e4 Qc8 11. Ne3 Re8 12. Ncd5 Ne5 13. Qe2 Nfg4 14. Rb1 Rb8 15. f4 Nxe3 16. Nxe3 Nc6 17. Rd1 b5 18. cxb5 Nd4 19. Qf2 Bxb5 20. b3 Qa6 21. Bb2 Ne2+ 22. Kh1 Nc3 23. Bxc3 Bxc3 24. Nd5 Ba5 25. f5 Bd8 26. Rbc1 Rc8 27. fxg6 hxg6 28. Rxc8 Qxc8 29. a4 e6 30. Ne3 Ba6 31. Rxd6 Bb6 32. Qe1 Qc5 33. Rxb6 axb6 34. h4 Qh5 35. g4 Qa5 36. Qf2 Rc8 37. g5 Rc1+ 38. Kh2 Qe5+ 39. Kh3 Rc3 40. Kg4 Qd4 41. Kg3 Bb7 0-1

[Event "EU-ch Seniors 50 (Women)"]
[Site "Drammen"]
[Date "2018.08.08"]
[Round "5"]
[White "Chireykina, Natalia"]
[Black "Johnsen, Sylvia"]
[Result "0-1"]
[WhiteElo "1922"]
[BlackElo "1977"]
[PlyCount "126"]
[EventDate "2018.08.04"]
[EventType "tourn"]
[EventRounds "8"]
[EventCountry "NOR"]
[SourceTitle "CBM 186 Extra"]
[Source "ChessBase"]
[SourceDate "2018.08.24"]
[SourceVersion "1"]
[SourceVersionDate "2018.08.24"]
[SourceQuality "1"]

1. e4 e5 2. Nf3 Nc6 3. d4 exd4 4. Nxd4 Bc5 5. Nb3 Bb6 6. a4 a6 7. Nc3 Nge7 8. Bg5 h6 9. Bh4 g5 10. Bg3 d6 11. a5 Ba7 12. h4 g4 13. Be2 h5 14. Qd2 Be6 15. Nd5 Ng6 16. 0-0-0 Nce5 17. f4 Bxd5 18. exd5 Nd7 19. Rhe1 Kf8 20. Qc3 Rh7 21. Bd3 Rc8 22. Nd4 Qf6 23. Bxg6 Qxg6 24. Qe3 Kg8 25. Qe7 Nf6 26. c4 Bc5 27. Bf2 Bb4 28. Re6 Rh6 29. f5 Qg7 30. Re2 Bxa5 31. Ne6 Nxd5 32. Rxd5 fxe6 33. Qxg7+ Kxg7 34. Rxa5 e5 35. Be3 Rf6 36. Rf2 Rcf8 37. c5 d5 38. Kd1 c6 39. Ra3 Rxf5 40. Rxf5 Rxf5 41. Rb3 Rf7 42. Ke2 Kg6 43. Rb4 Kf5 44. Ra4 d4 45. Bg5 Ke4 46. Ra3 Kd5 47. Ra1 Kxc5 48. Kd3 Kd5 49. Ra5+ c5 50. b4 e4+ 51. Ke2 Rc7 52. Bf4 Rc6 53. b5 Rb6 54. bxa6 Rxa6 55. Rb5 Ra2+ 56. Kf1 Kc6 57. Rb3 b5 58. Be5 e3 59. g3 b4 60. Bxd4 cxd4 61. Rxb4 d3 62. Rd4 Ra1+ 63. Kg2 d2 0-1

[Event "EU-Cup (Women) 20th"]
[Site "Skopje"]
[Date "2015.10.22"]
[Round "5.2"]
[White "Johnsen, Sylvia"]
[Black "Popova, Natalija"]
[Result "0-1"]
[WhiteElo "1999"]
[BlackElo "2257"]
[PlyCount "88"]
[EventDate "2015.10.18"]
[EventType "team-swiss"]
[EventRounds "7"]
[EventCountry "MKD"]
[SourceTitle "CBM 168 Extra"]
[Source "ChessBase"]
[SourceDate "2015.10.29"]
[SourceVersion "1"]
[SourceVersionDate "2015.10.29"]
[SourceQuality "1"]
[WhiteTeam "Oslo Schakselskap (W)"]
[BlackTeam "Bossa Nova (W)"]
[WhiteTeamCountry "NOR"]
[BlackTeamCountry "BLR"]

1. c4 Nf6 2. Nf3 g6 3. Nc3 d5 4. d3 Bg7 5. g3 dxc4 6. Qa4+ Nc6 7. Qxc4 0-0 8. Bg2 e5 9. 0-0 Bf5 10. Bg5 h6 11. Be3 Ng4 12. Bc5 Re8 13. Rad1 a6 14. Nh4 Be6 15. Qa4 Bd7 16. Rd2 Nd4 17. Qd1 g5 18. Nf3 Bc6 19. e3 Ne6 20. Ba3 h5 21. Ne4 Nh6 22. h4 g4 23. Ne1 Nf5 24. b3 Qd7 25. Bb2 Rad8 26. Nc2 Bb5 27. Nb4 Qe7 28. Ba3 c5 29. Nc2 Rd7 30. Re1 b6 31. Bb2 Red8 32. Bf1 Bc6 33. Bg2 Bb7 34. a4 b5 35. Na3 Nd6 36. Nxd6 Qxd6 37. axb5 Bxg2 38. Nc4 Bf3 39. Qa1 Qb8 40. bxa6 f6 41. Bc3 Qb5 42. d4 cxd4 43. exd4 Nxd4 44. Bxd4 exd4 0-1

[Event "EU-Cup (Women) 20th"]
[Site "Skopje"]
[Date "2015.10.18"]
[Round "1.2"]
[White "Johnsen, Sylvia"]
[Black "Ovod, Evgenija"]
[Result "0-1"]
[WhiteElo "1999"]
[BlackElo "2328"]
[PlyCount "52"]
[EventDate "2015.10.18"]
[EventType "team-swiss"]
[EventRounds "7"]
[EventCountry "MKD"]
[SourceTitle "CBM 168 Extra"]
[Source "ChessBase"]
[SourceDate "2015.10.29"]
[SourceVersion "1"]
[SourceVersionDate "2015.10.29"]
[SourceQuality "1"]
[WhiteTeam "Oslo Schakselskap (W)"]
[BlackTeam "St Petersburg (W)"]
[WhiteTeamCountry "NOR"]
[BlackTeamCountry "RUS"]

1. c4 c5 2. Nc3 Nf6 3. g3 e6 4. Bg2 d5 5. cxd5 exd5 6. d4 cxd4 7. Qxd4 Nc6 8. Qa4 Bb4 9. Bd2 0-0 10. a3 Bc5 11. Qb5 Nd4 12. Qa4 Bf5 13. Rc1 Qb6 14. Nxd5 Nxd5 15. Bxd5 Rac8 16. Bc3 Nb5 17. e4 Bxf2+ 18. Kf1 Nxc3 19. bxc3 Be3 20. Rc2 Bg4 21. Qb4 Bxg1 22. Rxg1 Bh3+ 23. Rgg2 Qe3 24. Qb2 Qf3+ 25. Kg1 Bxg2 26. Rf2 Qxc3 0-1

[Event "NOR-ch Class1"]
[Site "Oslo"]
[Date "2015.07.06"]
[Round "3"]
[White "Liabotro, Ola"]
[Black "Johnsen, Sylvia"]
[Result "1/2-1/2"]
[WhiteElo "1856"]
[BlackElo "1812"]
[PlyCount "115"]
[EventDate "2015.07.04"]
[EventType "swiss"]
[EventRounds "9"]
[EventCountry "NOR"]
[SourceTitle "EXT 2017"]
[Source "ChessBase"]
[SourceDate "2016.10.25"]
[SourceVersion "1"]
[SourceVersionDate "2016.10.25"]
[SourceQuality "1"]

1. e4 d6 2. d4 g6 3. c4 Bg7 4. h3 Nf6 5. Nc3 0-0 6. Nf3 c5 7. Be3 cxd4 8. Nxd4 Nc6 9. Be2 Bd7 10. 0-0 Rc8 11. Qd2 a6 12. Rac1 Nxd4 13. Bxd4 Bc6 14. Qe3 e5 15. Bb6 Qe7 16. Qd3 Nd7 17. Be3 f5 18. Rcd1 Nc5 19. Nd5 Qe6 20. exf5 gxf5 21. Qb1 b5 22. b3 Ne4 23. Qb2 Nf6 24. Nb4 Bb7 25. Bg5 a5 26. Bxf6 Bxf6 27. Nd5 b4 28. Qd2 Rc5 29. Bf3 e4 30. Nxf6+ Rxf6 31. Rfe1 Rg6 32. Qf4 Qe5 33. Qxe5 Rxe5 34. Bh5 Rh6 35. Be2 f4 36. Bg4 Rg6 37. Rd4 h5 38. Bd1 d5 39. cxd5 Bxd5 40. Be2 Kg7 41. Red1 Be6 42. Kh2 h4 43. f3 Reg5 44. Rg1 Rg3 45. Rxe4 Bxh3 46. Bd3 Bf5 47. Re7+ Kf6 48. Bxf5 Kxf5 49. Ra7 Ke5 50. Rxa5+ Kd4 51. Rd1+ Ke3 52. Re5+ Kf2 53. Rd2+ Kf1 54. Ree2 h3 55. Rf2+ Ke1 56. Rde2+ Kd1 57. Rd2+ Ke1 58. Rde2+ 1/2-1/2

[Event "Oslo Sveins op 7th"]
[Site "Oslo"]
[Date "2014.06.20"]
[Round "5"]
[White "Nordquelle, Daniel"]
[Black "Johnsen, Sylvia"]
[Result "1-0"]
[WhiteElo "1701"]
[BlackElo "1966"]
[PlyCount "53"]
[EventDate "2014.06.20"]
[EventType "swiss"]
[EventRounds "9"]
[EventCountry "NOR"]
[SourceTitle "EXT 2015"]
[Source "ChessBase"]
[SourceDate "2014.11.20"]
[SourceVersion "1"]
[SourceVersionDate "2014.11.20"]
[SourceQuality "1"]

1. e4 e5 2. f4 d5 3. exd5 e4 4. d3 Nf6 5. dxe4 Nxe4 6. Nf3 Bf5 7. Be3 Bd6 8. Bd3 Qe7 9. Qe2 0-0 10. 0-0 c6 11. Nd4 g6 12. Nxf5 gxf5 13. Nc3 Bc5 14. Kh1 Re8 15. Bxe4 fxe4 16. Bxc5 Qxc5 17. Nxe4 Qe7 18. Rae1 Nd7 19. Qh5 Nf8 20. d6 Qe6 21. f5 Qe5 22. Qg4+ Kh8 23. f6 Ng6 24. Qh3 Re6 25. Qh6 Rg8 26. Ng5 Rxf6 27. Qxh7# 1-0